Modeling and simulation using MATLAB - Simulink / (Record no. 26369)
[ view plain ]
| 000 -LEADER | |
|---|---|
| fixed length control field | 00949nam a22002655a 4500 |
| 001 - CONTROL NUMBER | |
| control field | 16005945 |
| 005 - DATE AND TIME OF LATEST TRANSACTION | |
| control field | 20201128024307.0 |
| 008 - FIXED-LENGTH DATA ELEMENTS--GENERAL INFORMATION | |
| fixed length control field | 091203s2014 ii a frb 001 0 eng d |
| 020 ## - INTERNATIONAL STANDARD BOOK NUMBER | |
| International Standard Book Number | 9781118545287 |
| 040 ## - CATALOGING SOURCE | |
| Original cataloging agency | EG-ScBUE |
| Language of cataloging | eng |
| Transcribing agency | EG-ScBUE |
| Modifying agency | C#P |
| -- | YDXCP |
| -- | BWX |
| -- | CDX |
| -- | DEBBG |
| -- | DLC |
| -- | DLC |
| -- | EG-ScBUE |
| 082 04 - DEWEY DECIMAL CLASSIFICATION NUMBER | |
| Edition number | 22 |
| Classification number | 620.001171 |
| Item number | JAI |
| 100 1# - MAIN ENTRY--PERSONAL NAME | |
| Personal name | Jain, Shailendra. |
| 9 (RLIN) | 41721 |
| 245 10 - TITLE STATEMENT | |
| Title | Modeling and simulation using MATLAB - Simulink / |
| Statement of responsibility, etc | Shailendra Jain. |
| 260 ## - PUBLICATION, DISTRIBUTION, ETC. (IMPRINT) | |
| Place of publication, distribution, etc | New Delhi : |
| Name of publisher, distributor, etc | Wiley India Pvt. Ltd., |
| Date of publication, distribution, etc | 2013. |
| 300 ## - PHYSICAL DESCRIPTION | |
| Extent | xvi, 656 p. : |
| Other physical details | ill. ; |
| Dimensions | 27 cm. |
| 504 ## - BIBLIOGRAPHY, ETC. NOTE | |
| Bibliography, etc | Includes bibliographical references and index. |
| 590 ## - LOCAL NOTE (RLIN) | |
| Local note | Wessam |
| 630 07 - SUBJECT ADDED ENTRY--UNIFORM TITLE | |
| Uniform title | MATLAB. |
| 9 (RLIN) | 826 |
| 650 #7 - SUBJECT ADDED ENTRY--TOPICAL TERM | |
| Topical term or geographic name as entry element | Systems engineering |
| General subdivision | Data processing. |
| Source of heading or term | BUEsh |
| 9 (RLIN) | 41718 |
| 650 #7 - SUBJECT ADDED ENTRY--TOPICAL TERM | |
| Topical term or geographic name as entry element | Systems engineering |
| General subdivision | Computer programs. |
| Source of heading or term | BUEsh |
| 9 (RLIN) | 41719 |
| 650 #7 - SUBJECT ADDED ENTRY--TOPICAL TERM | |
| Topical term or geographic name as entry element | Computer simulation. |
| Source of heading or term | BUEsh |
| 9 (RLIN) | 5817 |
| 651 ## - SUBJECT ADDED ENTRY--GEOGRAPHIC NAME | |
| Source of heading or term | BUEsh |
| 653 ## - INDEX TERM--UNCONTROLLED | |
| Resource For college | Informatics and Computer Science |
| -- | Generalities |
| Arrived date list | March2018 |
| 942 ## - ADDED ENTRY ELEMENTS (KOHA) | |
| Source of classification or shelving scheme | Dewey Decimal Classification |
| Edition | 22 |
| Call number prefix | 620.001171 JAI |
| Withdrawn status | Item status | Source of classification or shelving scheme | Damaged status | Not for loan | Home library | Current library | Shelving location | Date acquired | Total Checkouts | Full call number | Barcode | Date last seen | Koha item type |
|---|---|---|---|---|---|---|---|---|---|---|---|---|---|
| Dewey Decimal Classification | Central Library | Central Library | First floor | 20/03/2018 | 620.001171 JAI | 000047470 | 15/07/2025 | Book - Borrowing |